| 000 | 00931nam a2200265 i 4500 | ||
|---|---|---|---|
| 003 | DO-SdBNP | ||
| 005 | 20240201133049.0 | ||
| 007 | ta | ||
| 008 | 240201b2023 dr a|||| |||| 00| 0 dr d | ||
| 020 | _a9789945645101 | ||
| 040 |
_aDO-SdBNP _bspa _cBNPHU _erda |
||
| 082 | 4 | _222 | |
| 100 |
_aJusato, Miguelina, _eautor _984830 |
||
| 245 | 1 | 0 |
_aContemplar desde dentro : _breflexiones para guiar la mirada / _cMiguelina Justo, Arelis Peguero ; prólogo, Eduardo Villanueva ; ilustraciones, José Ramia Guzmán |
| 264 |
_aSanto Domingo : _bAmigo del Hogar, _c2023. |
||
| 300 |
_a147 páginas : _bilustraciones ; _c22 cm. |
||
| 336 |
_2rdacontent _atexto _btxt |
||
| 337 |
_2rdamedia _asin mediación _bn |
||
| 338 |
_2rdacarrier _avolumen _bnc |
||
| 590 | _aInventariado, 2024/BT | ||
| 700 | 1 |
_aVillanueva, Eduardo, _eprólogo _91707 |
|
| 700 | 1 |
_aGuzmón, José Ramia, _eilustraciones _984831 |
|
| 910 | _aBtavárez | ||
| 942 |
_2ddc _cLBS1 |
||
| 999 |
_c55763 _d55763 |
||